| 000 | 00342nam a2200145Ia 4500 | ||
|---|---|---|---|
| 008 | 230917s9999||||xx |||||||||||||| ||und|| | ||
| 040 |
_e153013 _aMAIN |
||
| 041 | _aEnglish | ||
| 082 | _a891.21 K164N | ||
| 100 | _aKshemaraja | ||
| 245 | 0 | _aNetratralam | |
| 260 |
_aBombay _bTatva Vivechaka Press _c1926 |
||
| 300 | _a289p p. | ||
| 942 | _cBK | ||
| 999 |
_c217771 _d217771 |
||